| 000 | 00427nam a2200169Ia 4500 | ||
|---|---|---|---|
| 008 | 180921t2019 xxu||||| |||| 00| 1 sin d | ||
| 041 | _asin | ||
| 080 |
_aX8C31 _bILA |
||
| 100 | _aIlankoon, Madhusha Chiranthani | ||
| 245 | _aවනස්ථලී | ||
| 246 | _aWanasthalee | ||
| 260 |
_bPahan Prakashana _aColombo _c2019 |
||
| 300 | _a176p., 21cm | ||
| 942 | _cBK | ||
| 999 |
_c8865 _d8865 |
||
| 003 | LK-CoDNM | ||
| 040 |
_aLK-CoDNM _dLK-CoDNM _eLK-CoDNM |
||